01153 a2200157 4500003000500000005001700005020001500022040000900037082001600046100002200062245006800084260002900152300001600181505076200197650003600959Nust20221209142916.0 a0071003932 cNust a621.382,GIL aGilmore,Charles M aMicroprocessors Principles & Applications /cCharles M Gilmore, aDelhibMcGraw-Hillc1989 axvii , 508p aWhat is the Microprocessor (Page-1), The Decimal and Binary Number Systems (Page-16), Processor Arithmetic (Page-28), Basic Microprocessor Architectural Concepts (Page-49), Inside the Microprocessor (Page-71), An Introduction to Microprocessor Instructions (Page-102), Communicating with the Microprocessor (Page-127), Two 8-Bit Microprocessors: the Z80 and 6802 (Page-140), A Single Chip 8-Bit Microprocessor (Page-187), Sixteen BIT Microprocessors The 8088 and the 68000 (Page-224), Memory (Page-283), Mass Storage (Page-311), Microprocessor I/O (Page-340), An Introduction to Programming (Page-382), Operating Systems and System Software (Page-411), Servicing Microprocessor Based Products (Page-440), Developing Microprocessor-Based Products (Page-463). aTelecommunications engineering.